| 000 | 00656nam a2200229Ia 4500 | ||
|---|---|---|---|
| 001 | 3874 | ||
| 003 | GE_BSU | ||
| 008 | 181216s||||||||xx |||||||||||||| ||und|| | ||
| 040 | _cGE_BSU | ||
| 080 | _a621.365.419 | ||
| 100 | _aСкварцов,А.А. | ||
| 245 | _aНагревательные устройства. | ||
| 245 | _bУчеб. пособие. | ||
| 245 | _cРед. изд-во А.Д.Акименко,М.Я.Кузелев | ||
| 260 | _aМ. | ||
| 260 | _bВысшая школа. | ||
| 260 | _c1965. | ||
| 300 | _a443 стр. 22 см. | ||
| 300 | _eТабл. | ||
| 653 | _aНагревательные устройства. | ||
| 942 | _cBK | ||
| 999 |
_c37896 _d37896 |
||